000 00727nam a2200217 i 4500
001 28814
003 ES-MaACL
005 20230909063100.0
007 t|
008 030120s1880 sp ||||1| spa d
080 _a821.134.2-31"18"
100 1 _aBalaguer, Víctor,
_d1824-1901
_924806
245 1 3 _aLa espada del muerto;
_by La damisela del castillo /
_cVictor Balaguer.
260 _aMadrid :
_bImp. de F. Cao y D. del Val,
_c1880.
300 _a274 p. ;
_c17 cm.
530 _aDisponible en formato digital.
740 3 2 _aLa damisela del castillo.
852 _aES-MaACL
_jG-13924
856 _uhttp://bdh-rd.bne.es/viewer.vm?id=0000039295&page=1
_zBiblioteca Digital Hispánica
999 _c28814
_d28814